书目信息 |
| 题名: |
闽国史略
|
|
| 作者: | 徐晓望 著 | |
| 分册: | ||
| 出版信息: | 北京 中国文史出版社 2014 |
|
| 页数: | 301页 | |
| 开本: | 24cm | |
| 丛书名: | 高校社科研究文库 | |
| 单 册: | ||
| 中图分类: | K295.7 | |
| 科图分类: | ||
| 主题词: | ||
| 电子资源: | ||
| ISBN: | 978-7-5034-4804-1 | |
| 000 | 00796nam0 2200253 450 | |
| 001 | 339423 | |
| 005 | 20150608151109.21 | |
| 010 | @a978-7-5034-4804-1@dCNY58.00 | |
| 100 | @a20140627d2014 em y0chiy50 ea | |
| 101 | 0 | @achi |
| 102 | @aCN@b110000 | |
| 105 | @ay z 000yy | |
| 106 | @ar | |
| 200 | 1 | @a闽国史略@Amin guo shi lüe@f徐晓望著 |
| 210 | @a北京@c中国文史出版社@d2014 | |
| 215 | @a301页@d24cm | |
| 225 | 1 | @a高校社科研究文库 |
| 330 | @a本书包括王闽政权的建立和繁荣、闽国的衰亡、闽土三分与割据的尾声、人民、土地制度和农业经济、手工业和商业、文化艺术、宗教与信仰等8章内容。 | |
| 410 | 0 | @12001 @a高校社科研究文库 |
| 607 | @a福建@x地方史@j史料 | |
| 690 | @aK295.7@v5 | |
| 701 | 0 | @a徐晓望@Axu xiao wang@f(1954)@4著 |
| 801 | 0 | @aCN@b卓展宏图@c20150525 |
| 905 | @dK295.7@e209@f4 | |
| 闽国史略/徐晓望著.-北京:中国文史出版社,2014 |
| 301页;24cm.-(高校社科研究文库) |
| ISBN 978-7-5034-4804-1:CNY58.00 |
| 本书包括王闽政权的建立和繁荣、闽国的衰亡、闽土三分与割据的尾声、人民、土地制度和农业经济、手工业和商业、文化艺术、宗教与信仰等8章内容。 |
| ● |
| 相关链接 |
|
|
|
|
正题名:闽国史略
索取号:K295.7/209
 
预约/预借
| 序号 | 登录号 | 条形码 | 馆藏地/架位号 | 状态 | 备注 |
| 1 | 858153 | 208581532 | 第二样本阅览室/ [索取号:K295.7/209] | 在馆 | |
| 2 | 858154 | 208581541 | 第二借阅区/ [索取号:K295.7/209] | 在馆 | |
| 3 | 858155 | 208581550 | 第二借阅区/ [索取号:K295.7/209] | 在馆 | |
| 4 | 858156 | 208581569 | 第二借阅区/ [索取号:K295.7/209] | 在馆 |